00726nam a22002057a 450000500170000000800400001702000150005705000210007224500900009325000110018326000590019430000280025350000590028150400210034065000280036170000350038970000310042470000330045570000320048820150124120750.0110120t Ag||||| |||| 00| 0 spa d a950062438904aRC410 bN47 200310aNervios craneales :ben la salud y la enfermedad /cLinda Wilson-Pawels ... [et al.]. a2a ed. aBuenos Aires, Argentina :bMedica panamericana,cc2003 a246 p. :bil. ;c28 cm. aTraducción de : Cranial nerves in health and disease 6Incluye índice 72LembaNervios craneales1 aWilson-Pauwels, Linda,ecoaut.1 aSpacey, Siân D.,ecoaut.1 aStewart, Patricia A.ecoaut.1 aAkesson, Elizabeth,ecoaut.